000 01639nam a2200349 c 4500
999 _c114515
_d114515
003 BLK
005 20230802005209.0
008 180409b bul|||||r ||||||| ||bul||
010 _aKNG00119946000
040 _aBLK
041 _aBUL
_cBUL
080 _aБългарска литература
_b821.163.2
_x-32
_z821.163.2-32
100 _aВазов, Иван Минчов
_9242234
139 _aВазов, Иван Манчов
_bВ 15
245 1 0 _aНемили-недраги
_bПовест
_cИван Вазов; предг. от Милена Георгиева Цанева.
250 _a20. изд.
257 _aBGR
260 _aСофия
_bБълг. писател
_c1983
300 _a128 с.
_c20 см
380 _aX
490 1 _aБиблиотека за ученика
500 _a1. изд. 1961. - В кн. означено 7. изд. - Съдържа и Животописни бележки ; За повестта "Немили-недраги" ; Лит.-ист. справка ; "Немили-недраги" и "Хъшове" ; Из бълг. критика за "Немили-недраги" ; За въздействието на "Немили-недраги" и "Хъшове" ; Спомени ; Библиогр. справка
700 _aЦанева, Милена Георгиева
_9363501
852 _aЦб 121909
856 4 _qpdf
856 4 _qpdf
942 _cKNG
_n0
_02
_s1
944 _aCR
_c19.10.2010
_lCRON CRON
_k
944 _aED
_c25.10.2010
_lдобави в АБ / 18.10.2010
999 _d114515
999 _d114515